Operación Ogro /

La película narra el intento de secuestro y posterior atentado que ETA llevó a cabo el 20 de diciembre de 1973, en el que murió Luis Carrero Blanco, que había sido designado presidente del gobierno de España por Francisco Franco unos meses antes.

Bibliographic Details
Other Authors: Pontecorvo, Gillo
Format: VHS
Language:French
Published: España DVD Video 1979
Subjects:

MARC

LEADER 00000cgm a2200000 a 4500
001 030753
003 UAHC_CL
005 20170803123243.0
008 111222s1975 fr 000 fre
040 |a UAHC_CL  |c UAHC_CL  |d UAHC_CL 
245 1 0 |a Operación Ogro /  |c Gillo Pontecorvo. 
260 |b DVD Video  |c 1979  |a España 
300 |a 100 min. 
520 |a La película narra el intento de secuestro y posterior atentado que ETA llevó a cabo el 20 de diciembre de 1973, en el que murió Luis Carrero Blanco, que había sido designado presidente del gobierno de España por Francisco Franco unos meses antes. 
650 4 |a CINE ESPAÑOL 
700 1 |a Pontecorvo, Gillo 
900 |a DVD-480 
942 |c VHS 
952 |0 0  |1 0  |4 0  |6 DVD_480  |7 0  |8 Referencia  |9 60124  |a BC  |b BC  |c Referencia  |d 2017-08-03  |l 0  |o DVD-480  |p 1392029  |r 2022-01-14 00:00:00  |t 1  |w 2017-08-03  |y DVD 
999 |c 30753  |d 30753